Statistiques concernant Invité de Zen

Cliquez ici pour prendre le quiz!

Statistiques générales

  • Ce quiz a été pris 95 fois
  • Le résultat moyen est 10 sur 25

Statistiques - réponses

SAISONEpisodeInvité% Correct
25Billy
71%
13Billy
71%
11Terracid
68%
26Terracid
68%
21BigFlo
65%
28McFly et Carlito
60%
27Inoxtag
56%
111Joyca
54%
23Kameto
51%
22Cyprien
49%
24Feldup
49%
113Theorus
43%
112FreddyGladieux
40%
12Luciole
36%
18Djilsi
35%
15Leopold
31%
110Etoiles
26%
1
13
Remeli
20%
14Chap
18%
16Cortex
16%
16Mehdi Maizi
16%
17MV
16%
19MrPoulpe
15%
17Vinz
8%
113Winterzuko
5%

Distribution des résultats

Percentile par nombre de réponses

% des personnes avec chaque résultat

Votre développement - résultats

Vous n’avez pas pris ce quiz